France's Airports codes - Statistics

General Stats
  • This quiz has been taken 28 times
  • The average score is 11 of 20
Answer Stats
Hint Answer % Correct
Paris Charles De Gaulle CDG
100%
Paris Orly ORY
96%
Nice NCE
88%
Lille LIL
80%
Marseille MRS
76%
Toulouse Blagnac TLS
76%
Ajaccio AJA
64%
Bastia BIA
60%
Rennes Bretagne RNS
60%
Bordeaux BOD
52%
Toulon-Hyères TLN
52%
Lyon LYS
44%
Montpellier MPL
44%
Paris Beauvais BVA
40%
Nates NTE
40%
Brest Bresange BES
36%
Figari South Corsica FSC
36%
Réunion Roland Garros RUN
36%
Strasbourg SXB
32%
Bergerac EGC
12%
No matching quizzes found
Score Distribution
Percent of People with Each Score
Percentile by Number Answered
Your Score History
You have not taken this quiz